| 000 | 01179nam a2200241Ia 4500 | ||
|---|---|---|---|
| 003 | Ost | ||
| 005 | 20260507075217.0 | ||
| 008 | 260507s9999||||xx |||||||||||||| ||und|| | ||
| 020 | _a85072499579 | ||
| 040 | _cfsecg | ||
| 041 | _aara | ||
| 082 | _a330 | ||
| 100 |
_aصبري ، عزام _eمؤلف |
||
| 245 | 0 |
_aالاحصاء الرياضي / _c عزام صبري |
|
| 260 |
_aعمان: _bدار صفاء, _c2009 |
||
| 300 |
_a347 صفحة؛ _bإيضاحات ؛ _c24 سم |
||
| 504 | _aمراجع ص.347 | ||
| 520 | _aالمجموعات ، التبادل و التوافق و النظرية ذات الحدين ، مفهوم الاحتمالات و تعريفاته ، المتغيرات العشوائية ذات البعد الواحد ، القيمة المتوقعة و العزوم ، التوزيعات الاحتمالية الهامة ، المشتركة ، القيمة المتوقعة و العزوم ، تزيعات المعاينة (العينية) ، التقدير النقطي ، تقدير الفترات. | ||
| 653 | _aالاحتمالات | ||
| 653 | _aالاحصاء الرياضي | ||
| 653 | _aالاحصاء الوصفي | ||
| 942 | _cكتاب | ||
| 999 |
_c43500 _d43500 |
||